Principles of animal physiology
-д хадгалсан:
| Үндсэн зохиолч: | |
|---|---|
| Формат: | Ном |
| Хэл сонгох: | англи |
| Хэвлэсэн: |
Pearson Education
2016
|
| Шошгууд: |
Шошго нэмэх
Шошго байхгүй, Энэхүү баримтыг шошголох эхний хүн болох!
|
MARC
| LEADER | 00000nam a22000007a 4500 | ||
|---|---|---|---|
| 008 | 201221b ||||| |||| 00| 0 eng d | ||
| 020 | |a 978-93-325-7747-3 | ||
| 100 | |a MOYES, Christopher D. |a Schulte, Patricia M. | ||
| 245 | |a Principles of animal physiology |c Christopher D. Moyes, Patricia M. Schulte |g 758p.: ill. | ||
| 250 | |b 2nd ed. | ||
| 260 | |b Pearson Education |c 2016 |h Nodia, India |i 691056 |i 691057 |l QP31.2 .M87 |m Physiology | ||
| 500 | |a It includes index | ||
| 942 | |a lcc |c BK |e Kuteyi, M. A. |f 21/12/2020 | ||
| 952 | |0 0 |1 0 |2 lcc |4 0 |6 QP00312 M87 |7 0 |9 1000 |a HOL |b SL |c QZ |d 2020-12-21 |l 0 |o QP31.2 .M87 |p 2020-230224 |r 2020-12-21 00:00:00 |w 2020-12-21 |y BK | ||
| 999 | |c 517 |d 517 | ||